000 00825nam a2200241Ia 4500
003 OSt
005 20240923114827.0
008 210716s2009 xx 000 0 und d
020 _a9788174467492
040 _cAIMIT LIBRARY
041 _aeng
082 _a378.0076
_21
_bDUBS
100 _aDubey, Sanjay.
_9179968
245 _aSrategies of developing countries :
_bopportunities and challenges /
_cEdited by Sanjay Dubey, Rajendra Jain.
250 _a1st ed.
260 _aNew Delhi :
_bExcel Books ,
_c2009.
300 _axv,313p. ,
_bPB
_c25.3 cm
650 _aAs tudy of behaviour of investors in insurance sector
_9179969
650 _aCorporate governance at crossroiads
_9179970
650 _aManaging human resourcer ethically
_9179971
700 _aJain, Rajendra.
_9179972
942 _2ddc
_cBK
_e1st
_k378.0076
999 _c204689
_d204689